| 000 | 00617nam a22001937a 4500 | ||
|---|---|---|---|
| 005 | 20220307125524.0 | ||
| 008 | 220307s1967 njua|||gr|||| 00| 0 eng d | ||
| 040 |
_aCO-BoUCM _bspa _cDeissy Garcia _dDeissy Garcia |
||
| 041 | 0 | _aeng | |
| 060 | _aQH 431 | ||
| 100 | 1 |
_9173822 _aSingleton, W. Ralph |
|
| 245 | 1 | 0 |
_aElementary genetics _cW. Ralph Singleton |
| 250 | _a2a.Ed. | ||
| 260 |
_aPrinceton, Nueva Jersey _bVan Nostrand _c1967 |
||
| 300 |
_axii, 576 páginas _bilustraciones |
||
| 504 | _aIncluye referencias bibliográficas | ||
| 650 | 7 |
_aGenética _9207 |
|
| 942 |
_2NLM _a15 _cLIBRO _e2 _hQH 431 _mS617e _n0 |
||
| 999 |
_c320752 _d320752 |
||